000 00597nam a2200217Ia 4500
003 GCL
008 140319s9999 xx 000 0 ara d
040 _aGCL /
_cGCL
082 0 4 _a701.18
_bم ا
100 1 _aمحمود بسيونى
245 1 0 _aاراء فى الفن الحديث /
_cمحمود بسيونى
260 _a[S.N] :
_bدار المعارف ،
_c1961
300 _a144 ص
490 _a
650 0 4 _aالفن
650 0 4 _aالتعبيرية
650 0 4 _aالسيريالية
650 0 4 _aتاريخ ونقد
650 0 4 _aالنقد الحديث
942 _2ddc
_cBK
999 _c36373
_d36373